LEADER 01179nam a2200265 4500 001 000000341843 003 CaOOAMICUS 005 20201015103652.0 008 200903s1996 it a 000 u ita r 040 $aSeMil$bita 100 1 $aSavoldelli, Angelo.$0(OLS)http://semarc/name/112030 245 13$aLa Madonna di Altino /$cAngelo Savoldelli ; con la collaborazione di Roberto Alborghetti, Francesco Algeri. 264 1$aVilla di Serio :$bEdizioni Villadiseriane,$c1996. 300 $a141 p. :$bill. ;$c30 cm 541 0 $aFondo mons. Mario Delpini 650 4$aAltino - Storia - Antichità.$0(OLS)http://semarc/subject/47594 700 1 $aAlborghetti, Roberto.$0(OLS)http://semarc/name/4730 700 1 $aAlgeri, Francesco.$0(OLS)http://semarc/name/112031 830 2$aI santuari [Edizioni Villadiseriane].$0(OLS)http://semarc/title/430730 850 $aSeMil 852 $aSeMil$W1$xVenegono$y1$m3P V 496$j221941$B232894$CSeMilBibl$Z2$F232894 $81 941 1 $a7 996 $6245$aLa Madonna di Altino$9(OLS)http://semarc/title/430731 996 $6264$aVilla di Serio :$bEdizioni Villadiseriane$9(OLS)http://semarc/publisher/58363 LEADER 00897nam a2200253 i 4500 001 000000126801 003 CaOOAMICUS 005 20240905160722.0 008 040527s1967 it u000 u ita u 013 $a99509 040 $aSeMil$bita 100 1 $aSimon, Pierre Henri.$0(OLS)http://semarc/name/39590 240 13$aLe somnambule.$0(OLS)http://semarc/title/187025 245 13$aIl sonnambulo /$cPierre Henri Simon. 260 $aMilano :$bI.P.L.,$ccopyr. 1967. 300 $a239 p. ;$c19 cm. 490 0 $aIl grappolo ;$v66 830 3$aIl grappolo ;$v66.$0(OLS)http://semarc/title/23873 850 $aSeMil 852 $aSeMil$W1$xVenegono$y1$m158 2 66 *$j81150$B81150$CSeMilBibl$Z2$F83405 $81 961 $aRecupero: Deposito 996 $6245$aIl sonnambulo$9(OLS)http://semarc/title/187024 996 $6260$aMilano :$bI.P.L.$9(OLS)http://semarc/publisher/34317